|
|
|
|
| LEADER |
00000nam0a2200000 4500 |
| 001 |
302253 |
| 005 |
20231102001502.0 |
| 010 |
|
|
|a 9785222233481
|
| 035 |
|
|
|a (RuTPU)RU\TPU\book\327450
|
| 090 |
|
|
|a 302253
|
| 100 |
|
|
|a 20150820d2015 m y0rusy50 ca
|
| 101 |
0 |
|
|a rus
|
| 102 |
|
|
|a RU
|
| 105 |
|
|
|a y j 001zy
|
| 200 |
1 |
|
|a Корпоративная социальная ответственность
|e учебник для бакалавров
|f Л. М. Никитина, Д. В. Борзаков
|
| 210 |
|
|
|a Ростов-на-Дону
|c Феникс
|d 2015
|
| 215 |
|
|
|a 446 с.
|
| 225 |
1 |
|
|a Высшее образование
|
| 320 |
|
|
|a Глоссарий: с. 417-418.
|
| 330 |
|
|
|a Учебник содержит теоретические и методические положения, раскрывающие содержание корпоративной социальной ответственности как категории менеджмента. В книге рассмотрены вопросы происхождения социальной ответственности в контексте исторического развития и научного осмысления, а также проблемы формирования современных концепций корпоративной социальной ответственности и ее национальных моделей. В учебнике отражены достижения мировой и отечественной теории и практики управления корпоративной социальной ответственностью, особое внимание уделено специфике и перспективным формам участия государства и гражданского общества в ее развитии.Соответствует Федеральному государственному образовательному стандарту высшего профессионального образования третьего поколения и методическим требованиям, предъявляемым к учебным изданиям.Издание предназначено для студентов высших учебных заведений, аспирантов, научных работников, преподавателей и специалистов-практиков.
|
| 606 |
1 |
|
|a Корпоративная социальная ответственность
|x Предпринимательская деятельность
|2 stltpush
|3 (RuTPU)RU\TPU\subj\72745
|9 86149
|
| 606 |
1 |
|
|a Корпоративная социальная ответственность
|x Менеджмент
|2 stltpush
|3 (RuTPU)RU\TPU\subj\71852
|9 85567
|
| 610 |
1 |
|
|a экономика
|
| 610 |
1 |
|
|a управление
|
| 610 |
1 |
|
|a бизнес
|
| 610 |
1 |
|
|a предприятия
|
| 610 |
1 |
|
|a социальная ответственность
|
| 610 |
1 |
|
|a планирование
|
| 610 |
1 |
|
|a кодексы
|
| 610 |
1 |
|
|a социальная отчетность
|
| 610 |
1 |
|
|a государственное регулирование
|
| 610 |
1 |
|
|a гражданское общество
|
| 610 |
1 |
|
|a социальная активность
|
| 610 |
1 |
|
|a учебники
|
| 686 |
|
|
|a У012.12я73
|v LBC/SL-A
|2 rubbk
|
| 686 |
|
|
|a У9(2)272я73
|v LBC/SL-A
|2 rubbk
|
| 700 |
|
1 |
|a Никитина
|b Л. М.
|g Лариса Михайловна
|
| 701 |
|
1 |
|a Борзаков
|b Д. В.
|g Дмитрий Владимирович
|
| 801 |
|
1 |
|a RU
|b 63413507
|c 20150820
|
| 801 |
|
2 |
|a RU
|b 63413507
|c 20151109
|g RCR
|
| 942 |
|
|
|c BK
|
| 959 |
|
|
|a 100/20150819
|d 1
|e 483,00
|f ЧЗГЛ:1
|